| 000 | 00565cam a2200217 4500 | ||
|---|---|---|---|
| 001 | 1254046 | ||
| 005 | 20180312061608.0 | ||
| 008 | 700717s1970 pauae b 001 0 eng | ||
| 010 | _a 73105074 | ||
| 020 | _a0700222596 | ||
| 040 |
_aDLC _cDLC _dDLC |
||
| 041 | _aeng | ||
| 080 | _a697 JEN | ||
| 082 | 0 | 0 | _a697 JEN |
| 100 | 1 | _a27 | |
| 101 | _aMEK | ||
| 245 | 1 | 0 |
_aEnvironmental engineering; _c[by] Burgess H. Jennings. |
| 504 | _aIncludes bibliographies. | ||
| 906 |
_a7 _bcbc _corignew _d2 _encip _f19 _gy-gencatlg |
||
| 942 |
_2ddc _cBK |
||
| 999 |
_c44714 _d44714 |
||